| 000 | 00362nam a2200145Ia 4500 | ||
|---|---|---|---|
| 008 | 150301s2013 xx 000 0 und d | ||
| 082 |
_a610.734 _bC13B |
||
| 100 | _aBASAVANTHAPPA,BT. | ||
| 245 | _aCOMMUNITY HEALTH NURSING | ||
| 250 | _a2ND | ||
| 260 |
_bJAYPEE MEDICAL PUB. _c2013 |
||
| 300 | _a1088 | ||
| 650 | _aCOMMUNITY HEALTH NURSING | ||
| 942 |
_2ddc _cBK _05 |
||
| 999 |
_c6812 _d6812 |
||